<?xml version="1.0" encoding="UTF-8"?>
<collection xmlns:xsi="http://www.w3.org/2001/XMLSchema-instance" xsi:schemaLocation="http://www.loc.gov/MARC21/slim http://www.loc.gov/standards/marcxml/schema/MARC21slim.xsd" xmlns="http://www.loc.gov/MARC21/slim">
 <record>
  <leader>00000cam a22000004i 4500</leader>
  <controlfield tag="001">UP-1685594773861559909</controlfield>
  <controlfield tag="003">Buklod</controlfield>
  <controlfield tag="005">20080430142251.0</controlfield>
  <controlfield tag="006">j|||||||||||||| | </controlfield>
  <controlfield tag="007">ta</controlfield>
  <controlfield tag="008">160303s1992    xx      rb   |||| udeng d</controlfield>
  <datafield tag="020" ind1=" " ind2=" ">
   <subfield code="a">9718817069</subfield>
  </datafield>
  <datafield tag="035" ind1=" " ind2=" ">
   <subfield code="a">(iLib)UPBAG-00002630716</subfield>
  </datafield>
  <datafield tag="037" ind1=" " ind2=" ">
   <subfield code="a">BC-28161</subfield>
   <subfield code="c">Php195.00</subfield>
  </datafield>
  <datafield tag="040" ind1=" " ind2=" ">
   <subfield code="d">BAG</subfield>
   <subfield code="e">rda</subfield>
  </datafield>
  <datafield tag="041" ind1="0" ind2=" ">
   <subfield code="a">eng</subfield>
  </datafield>
  <datafield tag="090" ind1=" " ind2="0">
   <subfield code="a">DS 860 A1</subfield>
   <subfield code="b">B49</subfield>
  </datafield>
  <datafield tag="245" ind1="0" ind2="0">
   <subfield code="a">Beyond the Cold War</subfield>
   <subfield code="b">Philippine perspectives on the emerging world order</subfield>
   <subfield code="c">Carmencita Karagdag, Augusto N. Miclat, Jr., editors.</subfield>
  </datafield>
  <datafield tag="264" ind1=" " ind2="1">
   <subfield code="a">Manila</subfield>
   <subfield code="b">People's Diplomacy Training Program for Philippine NGOs</subfield>
   <subfield code="c">1992.</subfield>
  </datafield>
  <datafield tag="300" ind1=" " ind2=" ">
   <subfield code="a">x, 199 pages</subfield>
   <subfield code="c">23 cm</subfield>
  </datafield>
  <datafield tag="504" ind1=" " ind2=" ">
   <subfield code="a">Includes bibliographical references.</subfield>
  </datafield>
  <datafield tag="505" ind1="1" ind2=" ">
   <subfield code="a">Sustainable development in Eastern Europe? /Isagani R. Serrano -- Will China follow the Rome of Eastern Europe? /Ben Lim -- Recrudescence of capitalism in socialist Vietnam /Armando Malay Jr. -- The long and winding road to socialism /Ricardo Ferrer -- From socialist reform to liquidation /A.M. Mendoza, Jr. -- The general crisis of the worl economic system /Reynalso R. Ty -- The US: a superpower in the midst of crisis /Aloysius U. Baes -- Japan: the rising sun /Romulo D. Peralta -- Europe: the emerging third pole /Cesar P. Cala -- Asia Pacific: the new arena for global contention /Rene Reyes -- Failures and success in ASEAN concensus-building /Arturo D. Palongpalong -- War and peace in the Middle East /Eliseo R. Mercado, Jr. -- Asia pacific challenge to US domination /Roberto E. Reyes -- Global citizens diplomacy for a sustainable future /Isagani R. Serrano -- The future of socialism /Jose Maria Sison -- The new world order: problems and prospects for the people's movements in the Philippines.</subfield>
  </datafield>
  <datafield tag="650" ind1=" " ind2="0">
   <subfield code="a">Cold war.</subfield>
  </datafield>
  <datafield tag="650" ind1=" " ind2="0">
   <subfield code="a">World politics, 1989-   .</subfield>
  </datafield>
  <datafield tag="650" ind1=" " ind2="0">
   <subfield code="a">International relations.</subfield>
  </datafield>
  <datafield tag="650" ind1=" " ind2="0">
   <subfield code="a">Socialism</subfield>
   <subfield code="x">Forecasting.</subfield>
  </datafield>
  <datafield tag="651" ind1=" " ind2="0">
   <subfield code="a">Philippines</subfield>
   <subfield code="x">Politics and government</subfield>
   <subfield code="y">1986-   .</subfield>
  </datafield>
  <datafield tag="700" ind1="1" ind2=" ">
   <subfield code="a">Karagdag, Carmencita.</subfield>
   <subfield code="e">editors.</subfield>
  </datafield>
  <datafield tag="700" ind1="1" ind2=" ">
   <subfield code="a">Miclat, Augusto N.</subfield>
   <subfield code="c">Jr.</subfield>
   <subfield code="e">editors.</subfield>
  </datafield>
  <datafield tag="905" ind1=" " ind2=" ">
   <subfield code="a">FI</subfield>
  </datafield>
  <datafield tag="852" ind1="0" ind2=" ">
   <subfield code="a">UPBAG</subfield>
   <subfield code="b">UPBAG-MAIN</subfield>
   <subfield code="h">DS 860 A1 B49</subfield>
  </datafield>
  <datafield tag="942" ind1=" " ind2=" ">
   <subfield code="a">Book</subfield>
  </datafield>
 </record>
</collection>
